000 00519cam a2200205ua 4500
001 2569
008 110826n ii |||gr||||Z||||||asm
040 _cMAIN
082 _a410
100 1 _aed. by Thakur, Nagen,
_eAuthor.
245 1 _aBhasa chinta bicitra
_ced, by. Nagen Thakur
250 _a1st.
260 _aGuahati:
_bPuberun,
_c2000.
300 _a343p:
_c23cm.
653 _aAssamese language
653 _alanguage
653 _aBhasa chinta bicitra
700 _aDeka, Khagesh Sen,
_eAuthor.
942 _cBK
999 _c2422
_d2422